[Event "GER-ch54 V05 email"]
[Site "GER email"]
[Date "2022.05.01"]
[Round "?"]
[White "Schulz, Rene"]
[Black "Egner, Michael"]
[Result "1/2-1/2"]
[WhiteElo "2066"]
[BlackElo "2114"]
[PlyCount "79"]
[EventDate "2022.05.01"]
[EventType "tourn (corr)"]
[EventRounds "10"]
[EventCountry "GER"]
[SourceTitle "Corr 2024"]
[Source "ChessBase"]
[SourceDate "2023.10.19"]
[SourceVersion "1"]
[SourceVersionDate "2023.10.19"]
[SourceQuality "1"]

1. e4 c5 2. Nf3 d6 3. d4 cxd4 4. Nxd4 Nf6 5. Nc3 g6 6. Be3 Bg7 7. f3 0-0 8. Qd2 Nc6 9. Bc4 Bd7 10. h4 h5 11. 0-0-0 Ne5 12. Bb3 Rc8 13. Bg5 Rc5 14. Kb1 Re8 15. Bh6 Nc4 16. Bxc4 Rxc4 17. Bxg7 Kxg7 18. Nd5 e5 19. Nxf6 Qxf6 20. Nb3 Rec8 21. Qxd6 Be6 22. c3 R4c6 23. Qd3 Qe7 24. Rd2 Rb6 25. Nc1 Qc5 26. Ka1 Ra6 27. Re1 Qa5 28. g4 b5 29. a3 hxg4 30. fxg4 b4 31. cxb4 Qxb4 32. Na2 Qd4 33. Qxd4 exd4 34. Rxd4 Bxg4 35. Rg1 Be6 36. h5 Rc4 37. Rxc4 Bxc4 38. Nc3 Rd6 39. hxg6 Rxg6 40. Rxg6+ 1/2-1/2

[Event "GER-ch54 V05 email"]
[Site "GER email"]
[Date "2022.05.01"]
[Round "?"]
[White "Schulz, Rene"]
[Black "Geissler, Walter"]
[Result "1-0"]
[WhiteElo "2066"]
[BlackElo "1917"]
[PlyCount "29"]
[EventDate "2022.05.01"]
[EventType "tourn (corr)"]
[EventRounds "10"]
[EventCountry "GER"]
[SourceTitle "Corr 2024"]
[Source "ChessBase"]
[SourceDate "2023.10.19"]
[SourceVersion "1"]
[SourceVersionDate "2023.10.19"]
[SourceQuality "1"]

1. e4 c5 2. Nf3 d6 3. d4 cxd4 4. Nxd4 Nf6 5. Nc3 a6 6. Be3 e5 7. Nf3 Be7 8. Bc4 0-0 9. 0-0 Nc6 10. Re1 b5 11. Bb3 Rb8 12. Bg5 Nd7 13. Bxe7 Qxe7 14. Qd2 Rd8 15. a3 1-0

[Event "GER CCM-E03-C email"]
[Site "GER email"]
[Date "2019.06.19"]
[Round "?"]
[White "Carapinha, Francisco"]
[Black "Schulz, Rene"]
[Result "1/2-1/2"]
[WhiteElo "2260"]
[BlackElo "2261"]
[PlyCount "88"]
[EventDate "2019.??.??"]
[EventType "tourn (corr)"]
[EventRounds "13"]
[EventCountry "GER"]
[SourceTitle "Corr 2022"]
[Source "ChessBase"]
[SourceDate "2021.10.24"]
[SourceVersion "1"]
[SourceVersionDate "2021.10.24"]
[SourceQuality "1"]

1. e4 e5 2. Nf3 Nc6 3. Bb5 a6 4. Ba4 Nf6 5. 0-0 Be7 6. Re1 b5 7. Bb3 0-0 8. d3 d6 9. a3 Na5 10. Ba2 c5 11. h3 Nc6 12. Nc3 Be6 13. Nd5 Bxd5 14. exd5 Nd4 15. Nd2 Nf5 16. Ne4 Nd7 17. b4 cxb4 18. axb4 a5 19. Bd2 axb4 20. Bxb4 Qc7 21. Qd2 Ra7 22. c4 Nd4 23. Bc3 b4 24. Bxb4 Rfa8 25. c5 Nxc5 26. Nxc5 dxc5 27. Bc3 g6 28. Bc4 Kg7 29. Rxa7 Rxa7 30. Rb1 Bd6 31. Qe3 f5 32. Bd2 f4 33. Qe1 Qd8 34. Qe4 Qg5 35. f3 Ra3 36. Be1 Ra7 37. Bc3 Kh6 38. Kh2 Ra3 39. Bd2 Nf5 40. Qe2 Kg7 41. Kg1 Nd4 42. Qf1 h5 43. Rb7+ Kf8 44. Rb1 Kg8 1/2-1/2

[Event "GER CCM-E03-C email"]
[Site "GER email"]
[Date "2019.06.19"]
[Round "?"]
[White "Ojeda, Jose Luis"]
[Black "Schulz, Rene"]
[Result "1/2-1/2"]
[WhiteElo "2283"]
[BlackElo "2261"]
[PlyCount "48"]
[EventDate "2019.??.??"]
[EventType "tourn (corr)"]
[EventRounds "13"]
[EventCountry "GER"]
[SourceTitle "Corr 2020"]
[Source "ChessBase"]
[SourceDate "2019.09.30"]
[SourceVersion "1"]
[SourceVersionDate "2019.09.30"]
[SourceQuality "1"]

1. d4 d5 2. c4 e6 3. Nc3 Nf6 4. cxd5 exd5 5. Bg5 c6 6. e3 Be7 7. Bd3 Nbd7 8. Qc2 0-0 9. Nge2 Re8 10. 0-0 Nf8 11. h3 g6 12. Bh6 Ne6 13. Nf4 Bd6 14. Nxe6 Bxe6 15. Bg5 Be7 16. Rab1 Nh5 17. Bxe7 Qxe7 18. Rfe1 Qg5 19. Kh2 Qf6 20. b4 Rac8 21. Qd2 Ng7 22. Rbd1 h6 23. a4 h5 24. a5 Qe7 1/2-1/2

[Event "SA-2019-0-00664"]
[Site "LSS email"]
[Date "2019.01.12"]
[Round "?"]
[White "Pupo Perez, Hector"]
[Black "Schulz, Rene"]
[Result "1/2-1/2"]
[WhiteElo "2213"]
[BlackElo "2342"]
[PlyCount "47"]
[EventDate "2018.12.27"]
[EventType "tourn (corr)"]
[EventRounds "6"]
[EventCountry "GER"]
[SourceTitle "Corr 2022"]
[Source "ChessBase"]
[SourceDate "2021.10.24"]
[SourceVersion "1"]
[SourceVersionDate "2021.10.24"]
[SourceQuality "1"]

1. d4 d5 2. c4 e6 3. Nc3 Nf6 4. Nf3 Be7 5. Bf4 0-0 6. Rc1 c5 7. dxc5 Bxc5 8. e3 Nc6 9. a3 a6 10. b4 Bd6 11. Bg5 a5 12. b5 Nb8 13. Qb3 Nbd7 14. Na4 Nc5 15. Nxc5 Bxc5 16. cxd5 a4 17. Qd3 Qa5+ 18. Nd2 Be7 19. Be2 Rd8 20. e4 Nxd5 21. Bxe7 Nxe7 22. Qc3 Qxc3 23. Rxc3 Bd7 24. f3 1/2-1/2

[Event "GER MS-280 email"]
[Site "GER email"]
[Date "2018.05.24"]
[Round "?"]
[White "Herzog, Klaus"]
[Black "Schulz, Rene"]
[Result "1/2-1/2"]
[WhiteElo "1960"]
[BlackElo "2049"]
[PlyCount "68"]
[EventDate "2018.06.05"]
[EventType "tourn (corr)"]
[EventRounds "6"]
[EventCountry "GER"]
[SourceTitle "Corr 2020"]
[Source "ChessBase"]
[SourceDate "2019.09.30"]
[SourceVersion "1"]
[SourceVersionDate "2019.09.30"]
[SourceQuality "1"]

1. e4 e5 2. Nf3 Nc6 3. Nc3 Nf6 4. d4 exd4 5. Nxd4 Bb4 6. Nxc6 bxc6 7. Bd3 d5 8. exd5 cxd5 9. 0-0 0-0 10. h3 c6 11. Bf4 Re8 12. Re1 Be6 13. a3 Bd6 14. Qd2 Bxf4 15. Qxf4 Nh5 16. Qd4 Qf6 17. Qxf6 Nxf6 18. b4 g6 19. Ne2 a5 20. f3 Reb8 21. c3 c5 22. bxc5 Rc8 23. Kf2 Nd7 24. c6 Rxc6 25. Bb5 Rc5 26. Nd4 Nf8 27. Re3 Rac8 28. Rc1 a4 29. Bxa4 Ra8 30. Bb3 Rxa3 31. Rb1 Kg7 32. h4 h5 33. Rb2 Kf6 34. Rd2 Nd7 1/2-1/2

[Event "GER MS-280 email"]
[Site "GER email"]
[Date "2018.05.24"]
[Round "?"]
[White "Schulz, Rene"]
[Black "Rulfs, Ernst August"]
[Result "1/2-1/2"]
[WhiteElo "2049"]
[BlackElo "2062"]
[PlyCount "56"]
[EventDate "2018.06.05"]
[EventType "tourn (corr)"]
[EventRounds "6"]
[EventCountry "GER"]
[SourceTitle "Corr 2020"]
[Source "ChessBase"]
[SourceDate "2019.09.30"]
[SourceVersion "1"]
[SourceVersionDate "2019.09.30"]
[SourceQuality "1"]

1. e4 e5 2. Nf3 Nc6 3. Bb5 f5 4. Nc3 fxe4 5. Nxe4 Nf6 6. Nxf6+ Qxf6 7. Qe2 Be7 8. Bxc6 bxc6 9. Nxe5 Qe6 10. d4 Bf6 11. Nf3 Qxe2+ 12. Kxe2 0-0 13. Be3 d6 14. Rhe1 a5 15. Kf1 Bg4 16. Nd2 c5 17. dxc5 Bxb2 18. Rab1 Bc3 19. Rb3 Be5 20. cxd6 Bxd6 21. Bd4 Rad8 22. Nc4 Bxh2 23. Be5 Bxe5 24. Rxe5 Rd1+ 25. Re1 Rxe1+ 26. Kxe1 Be6 27. Rc3 Rf4 28. Ne3 Ra4 1/2-1/2

[Event "GER CCM-E01-C email"]
[Site "GER email"]
[Date "2017.06.26"]
[Round "?"]
[White "Davidov, Deian Nikolov"]
[Black "Schulz, Rene"]
[Result "1/2-1/2"]
[WhiteElo "2224"]
[BlackElo "2184"]
[PlyCount "55"]
[EventDate "2017.??.??"]
[EventType "tourn (corr)"]
[EventRounds "13"]
[EventCountry "GER"]
[SourceTitle "Corr 2017"]
[Source "ChessBase"]
[SourceDate "2017.09.19"]
[SourceVersion "1"]
[SourceVersionDate "2017.09.19"]
[SourceQuality "1"]

1. d4 d5 2. c4 e6 3. g3 Nf6 4. Nf3 dxc4 5. Bg2 Nc6 6. Qa4 Nd7 7. Qxc4 Nb6 8. Qb5 a6 9. Qd3 e5 10. Nxe5 Nb4 11. Qc3 Qxd4 12. Qxd4 Nc2+ 13. Kd1 Nxd4 14. Be3 Nf5 15. Bxb6 cxb6 16. Nc3 b5 17. e3 g6 18. Nd5 Bd6 19. Nd3 Be6 20. N5f4 Bxf4 21. Nxf4 0-0-0+ 22. Ke1 Bd7 23. Ke2 Kb8 24. Rhd1 Ne7 25. Rac1 b4 26. Be4 g5 27. Nh5 Be6 28. b3 1/2-1/2

[Event "GER CCM-E01-C email"]
[Site "GER email"]
[Date "2017.06.26"]
[Round "?"]
[White "Schulz, Rene"]
[Black "Baroin, Bernard"]
[Result "1/2-1/2"]
[WhiteElo "2184"]
[BlackElo "2220"]
[PlyCount "59"]
[EventDate "2017.??.??"]
[EventType "tourn (corr)"]
[EventRounds "13"]
[EventCountry "GER"]
[SourceTitle "Corr 2020"]
[Source "ChessBase"]
[SourceDate "2019.09.30"]
[SourceVersion "1"]
[SourceVersionDate "2019.09.30"]
[SourceQuality "1"]

1. e4 c5 2. Nf3 d6 3. d4 cxd4 4. Nxd4 Nf6 5. Nc3 a6 6. Be3 e5 7. Nf3 Be7 8. Bc4 0-0 9. 0-0 Nc6 10. Re1 Be6 11. Bxe6 fxe6 12. Ng5 Qd7 13. Na4 Bd8 14. Nb6 Bxb6 15. Bxb6 h6 16. Nf3 a5 17. Qd3 Ra6 18. Be3 d5 19. Rad1 Qc7 20. exd5 e4 21. Qb5 exf3 22. dxc6 Rxc6 23. Bd4 Rd6 24. c3 Rd5 25. Qb6 Qxb6 26. Bxb6 Rb5 27. Rxe6 Rxb2 28. a4 fxg2 29. Kxg2 Rf7 30. Bd4 1/2-1/2

[Event "GER CCM-E01-C email"]
[Site "GER email"]
[Date "2017.06.26"]
[Round "?"]
[White "Schulz, Rene"]
[Black "Kulakiewicz, Mariusz"]
[Result "1/2-1/2"]
[WhiteElo "2184"]
[BlackElo "2242"]
[PlyCount "43"]
[EventDate "2017.??.??"]
[EventType "tourn (corr)"]
[EventRounds "13"]
[EventCountry "GER"]
[SourceTitle "Corr 2017"]
[Source "ChessBase"]
[SourceDate "2017.09.19"]
[SourceVersion "1"]
[SourceVersionDate "2017.09.19"]
[SourceQuality "1"]

1. e4 e5 2. Nf3 Nc6 3. Bb5 Bc5 4. 0-0 Nd4 5. Nxd4 Bxd4 6. c3 Bb6 7. d4 c6 8. Ba4 d6 9. Na3 Nf6 10. Bg5 0-0 11. dxe5 dxe5 12. Qf3 h6 13. Bxf6 Qxf6 14. Qxf6 gxf6 15. Nc4 Be6 16. Bb3 Rad8 17. Nxb6 Bxb3 18. axb3 axb6 19. Rad1 b5 20. g4 Rxd1 21. Rxd1 Ra8 22. Kg2 1/2-1/2